000 01216nam a2200301Ia 4500
001 ebr10682724
003 CaPaEBR
006 m u
007 cr cn|||||||||
008 950626s1994 enka s 000 0 eng d
020 _z1853962546 (pbk)
020 _z9781446266250
040 _aCaPaEBR
_cCaPaEBR
035 _a(OCoLC)809966058
050 1 4 _aHQ778.5
_b.V35 1994eb
245 0 0 _aValuing quality in early childhood services
_h[electronic resource] :
_bnew approaches to defining quality /
_ceditors Peter Moss and Alan Pence.
260 _aLondon :
_bP. Chapman,
_cc1994.
300 _aviii, 183 p. :
_bill.
533 _aElectronic reproduction.
_bPalo Alto, Calif. :
_cebrary,
_d2013.
_nAvailable via World Wide Web.
_nAccess may be limited to ebrary affiliated libraries.
650 0 _aChild care services
_xEvaluation.
650 0 _aEarly childhood education
_xEvaluation.
650 0 _aDay care centers
_xEvaluation.
655 7 _aElectronic books.
_2local
700 1 _aPence, Alan R.,
_d1948-
700 1 _aMoss, Peter,
_d1945-
710 2 _aebrary, Inc.
856 4 0 _uhttp://site.ebrary.com/lib/rucke/Doc?id=10682724
_zAn electronic book accessible through the World Wide Web; click to view
999 _c32227
_d32227